La idea de la paz y la agresividad humana

Bewaard in:
Bibliografische gegevens
Hoofdauteur: Mitscherlich, Alexander (autor)
Formaat: Boek
Taal:Spaans
Gepubliceerd in: Madrid Taurus 1971
Reeks:Ensayista de Hoy, 76
Onderwerpen:
Tags: Voeg label toe
Geen labels, Wees de eerste die dit record labelt!

MARC

LEADER 00000nam a2200000 a 4500
001 UCW5204
003 CL-VaPUC
008 910109e19710000SP |||||||||||||||||spa|d
082 0 4 |a 302.5  |b MIT  |2 21 
100 |a Mitscherlich, Alexander  |e autor  |9 314202 
245 1 3 |a La idea de la paz y la agresividad humana 
300 |a 164 p 
942 |c BK 
945 |d 19910109 00:00:00 
260 |a Madrid  |b Taurus  |c 1971 
650 0 |a Agresividad  |9 257862 
650 0 |a Interacción social   |9 307764 
650 0 |a Psicología social   |9 222894 
583 |a last modification  |c 20180514 10:11:19  |k Rodrigo Vera 
490 0 |a Ensayista de Hoy, 76 
999 |c 218689  |d 218687 
952 |0 0  |1 0  |4 0  |6 302_500000000000000_MIT_1971  |7 0  |8 A  |9 208627  |a BIBEDU  |b BIBEDU  |d 2019-11-15  |i 2764997  |o 302.5 MIT 1971  |p 2764997  |r 2019-11-15  |w 2019-11-15  |y BK  |k EDU